000 00460nam a2200181Ia 4500
001 21175
005 20260306172900.0
008 260306t2006||||xx |||||||||||||| ||spa||
041 _aESP
082 _a344J
_bC94
100 _aCubas Villanueva, Víctor
_eAUT
245 0 _aEl proceso penal:
_bTeoría y jurisprudencia constitucional
260 _c2006
300 _a517 páginas :
_c24 cm.
650 _aGEN
654 _aCDE
942 _cLIB
_dJUS
_fJUS
_2ddc
_n
999 _c21175
_d21175